000 01005 a2200193 4500
003 Nust
005 20230124110335.0
010 _a 79016849
020 _a0684161672 :
040 _cNust
082 0 0 _a384.554,REE
100 1 _aReel, A. Frank
_9107526
245 1 4 _aThe networks :
_bhow they stole the show /
_cA. Frank Reel.
260 _aNew York :
_bScribner,
_cc1979.
300 _axvii, 208 p. ;
_c22 cm.
505 _aAll for one and three for all (Page-1), The making of the Monopoly (Page-18), Rating : The Lifeblood (Page-31), The networks and the television Stations (Page-42), The Network and the Producers (Page-67), The Network and the news (Page-87), Censorship (Page-105), The Networks Invasion of Neighboring Domains (Page-120), With can be Done Within the System (Page-134), Alternative Sources (Page-148), The Board to Relief (Page-163), Which Way? Gadgetry or Governments ? (Page-191).
650 0 _aTelevision broadcasting
_zUnited States.
_97760
942 _2ddc
_cBK
_k384.554,REE
999 _c185314
_d185314